| 000 | 00413 a2200145 4500 | ||
|---|---|---|---|
| 999 |
_c1276 _d1276 |
||
| 020 | _a0174482345 | ||
| 050 | _aGV 706.5 ADV 1996 | ||
| 100 |
_aBeashel,Paul _eeditor |
||
| 245 |
_aAdvanced studies in Physical education and sport/ _cedited by Paul,Beashel |
||
| 264 |
_aCheltenham: _bNelson, _c1996 |
||
| 300 | _a243 p. | ||
| 500 | _aincludes index | ||
| 650 | _xPhysical education | ||
| 942 |
_2lcc _cBK _h706.5 _iADV _kGV |
||